Gminy powiatu wejherowskiego (z mapą) - Statystyki

Ogólne statystyki
  • Ten quiz został rozwiązany 64 razy
  • Średni wynik to 7 z 10
Odpowiedzi na mapie
Odpowiedzi zakodowano w zielono-czerwonej skali na mapie do tego quizu, zgodnie z poniższymi procentami.
 
Statystyki odpowiedzi
Status gminy Gmina % Poprawnych
Miejska Wejherowo
100%
Wiejska Wejherowo
100%
Miejska Reda
93%
Miejska Rumia
93%
Wiejska Luzino
70%
Wiejska Gniewino
63%
Wiejska Choczewo
60%
Wiejska Szemud
60%
Wiejska Łęczyce
50%
Wiejska Linia
47%
Nie znaleziono quizów pasujących do podanych kryteriów
Rozkład punktacji
Procent ludzi z każdym wynikiem
Percentyl według liczby udzielonych odpowiedzi
Twoja historia wyników
Nie rozwiązałeś tego quizu